Fire prevention : inspection and code enforcement
| Main Author: | |
|---|---|
| Format: | Book |
| Published: |
Australia :
Thomson ,
2003
|
| Edition: | 3rd.ed |
| Subjects: |
MARC
| LEADER | 00000cam a2200000 7i4500 | ||
|---|---|---|---|
| 001 | 0000021038 | ||
| 005 | 20080115.0 | ||
| 008 | 071205 | ||
| 020 | |a 9781418009441 | ||
| 040 | |a INS | ||
| 090 | 0 | 0 | |a TH9176 |b D53 2003 |
| 100 | 1 | |a Diamantes, David | |
| 245 | 1 | 0 | |a Fire prevention : |b inspection and code enforcement |c David Diamantes |
| 250 | |a 3rd.ed | ||
| 260 | |a Australia : |b Thomson , |c 2003 | ||
| 300 | |a xxi, 312p. : |b ill. ; |c 24cm. | ||
| 500 | |a Includes index | ||
| 650 | 0 | 0 | |a Fire prevention |x Inspection |z United States |
| 999 | |a 0000019560 |b BOOK |c Open Shelf |e Default branch | ||